Online
Catalog

La medicina espacial / (Record no. 24038)

MARC details
000 -CABECERA
campo de control de longitud fija 00717nam a2200229 a 4500
001 - NÚMERO DE CONTROL
campo de control 000024545
005 - FECHA Y HORA DE LA ÚLTIMA TRANSACCIÓN
campo de control 20200930023229.0
008 - DATOS DE LONGITUD FIJA--INFORMACIÓN GENERAL
campo de control de longitud fija 110131s1974 sp c r 000 0 spa d
020 ## - NÚMERO INTERNACIONAL ESTÁNDAR DEL LIBRO
Número Internacional Estándar del Libro 8432024112
040 ## - FUENTE DE LA CATALOGACIÓN
Centro catalogador/agencia de origen DO-SdBNP
Lengua de catalogación spa
Centro/agencia transcriptor BNPHU
082 ## - NÚMERO DE LA CLASIFICACIÓN DECIMAL DEWEY
Número de clasificación xxxxxx
Número de documento/Ítem R766m
049 ## - FONDOS LOCALES (OCLC)
Fondos de biblioteca BNGR
100 1# - ENTRADA PRINCIPAL--NOMBRE DE PERSONA
Nombre de persona Romo, Ignacio R.
9 (RLIN) 50303
245 13 - MENCIÓN DE TÍTULO
Título La medicina espacial /
Mención de responsabilidad, etc. Ignacio R. Romo ; prólogo Adolfo Azoy.
260 ## - PUBLICACIÓN, DISTRIBUCIÓN, ETC.
Lugar de publicación, distribución, etc. Barcelona :
Nombre del editor, distribuidor, etc. Planeta,
Fecha de publicación, distribución, etc. 1974.
300 ## - DESCRIPCIÓN FÍSICA
Extensión 172 p. ; :
Otras características físicas retrs. ;
Dimensiones 20 cm.
490 1# - MENCIÓN DE SERIE
Mención de serie Difusión cultural planeta.
500 ## - NOTA GENERAL
Nota general Incluye bibliografía.
500 ## - NOTA GENERAL
Nota general Incluye notas al pie de las páginas.
700 1# - PUNTO DE ACCESO ADICIONAL--NOMBRE DE PERSONA
Nombre de persona Azoy, Adolfo,
Término indicativo de función/relación pról.
9 (RLIN) 50304
830 #0 - PUNTO DE ACCESO ADICIONAL DE SERIE-TÍTULO UNIFORME
Título uniforme Difusión cultural planeta.
9 (RLIN) 45464
Holdings
Estado de retiro Estado de pérdida Restricciones de uso No para préstamo Código de colección Localización permanente Ubicación/localización actual Ubicación en estantería Fecha de adquisición Número de inventario Total de préstamos Signatura topográfica completa Código de barras Fecha visto por última vez Precio válido a partir de Tipo de ítem Koha
        Monografías: Libros y Folletos General General En catalogación 31.01.2011 LF1   xxxxxx R766m 24545-10 25.06.2020 25.06.2020 Préstamo en sala

Powered by Koha